Normal view
MARC view
- Hampton, John R.; Hampton, Joanna
Entry Personal Name
001 - CONTROL NUMBER
- control field: 113610
003 - CONTROL NUMBER IDENTIFIER
- control field: NUST
005 - DATE AND TIME OF LATEST TRANSACTION
- control field: 20230713161100.0
008 - FIXED-LENGTH DATA ELEMENTS
- fixed length control field: 230713|| aca||aabn | a|a d
040 ## - CATALOGING SOURCE
- Original cataloging agency: NUST
- Transcribing agency: NUST
100 ## - HEADING--PERSONAL NAME
- Personal name: Hampton, John R.; Hampton, Joanna
670 ## - SOURCE DATA FOUND
- Source citation: Work cat.: (NUST): Hampton, John R.; Hampton, Joanna, The ECG Made Easy /, 2019.
